Score 0/15 Timer 01:00
2 Plays Today
% Correct
awning
94.3%
east
94.1%
ours
93.1%
am
93.1%
earned
91.7%
ore
84.2%
aw
79.3%
early
76.9%
% Correct
owl
73.9%
in
67.8%
on
66.8%
arrow
58.3%
ester
50.2%
up
46%
are
28.9%

You're not logged in!

Compare scores with friends on all Sporcle quizzes.
OR
Log In

Sporcle TV

Today on Sporcle TV


Watch our educational content, quiz creation guides, and fun videos on Sporcle TV.

Show Comments

Extras

Top Quizzes Today


Score Distribution

Paid Content

Your Account Isn't Verified!

In order to create a playlist on Sporcle, you need to verify the email address you used during registration. Go to your Sporcle Settings to finish the process.

Report this User

Report this user for behavior that violates our Community Guidelines.

Details: